I soldi non cadono dal cielo (Record n. 212036)
[ formato base ]
| 000 -LEADER | |
|---|---|
| fixed length control field | 01058nam a2200205Ia 4500 |
| 001 - CONTROL NUMBER | |
| control field | b5145-33941 |
| 003 - CONTROL NUMBER IDENTIFIER | |
| control field | IT-MiCISF |
| 008 - FIXED-LENGTH DATA ELEMENTS--GENERAL INFORMATION | |
| fixed length control field | 161014s9999||||xx |||||||||||||| ||und|| |
| 040 ## - CATALOGING SOURCE | |
| Original cataloging agency | IT-MiCISF |
| Transcribing agency | IT-MiCISF |
| 041 ## - LANGUAGE CODE | |
| Language code of text/sound track or separate title | it |
| 999 ## - SYSTEM CONTROL NUMBERS (KOHA) | |
| Koha Dewey Subclass [OBSOLETE] | si |
| 100 ## - MAIN ENTRY--PERSONAL NAME | |
| Personal name | Arndt Karin |
| 245 #0 - TITLE STATEMENT | |
| Title | I soldi non cadono dal cielo |
| Remainder of title | Come insegnare ai figli un buon uso del denaro |
| 250 ## - EDITION STATEMENT | |
| Edition statement | 1a ed. |
| 260 ## - PUBLICATION, DISTRIBUTION, ETC. (IMPRINT) | |
| Place of publication, distribution, etc. | Leumann (TO) |
| Name of publisher, distributor, etc. | Elle Di Ci |
| Date of publication, distribution, etc. | 2000 [Edizione originale: 1997] |
| 300 ## - PHYSICAL DESCRIPTION | |
| Extent | pp. 87 |
| 500 ## - GENERAL NOTE | |
| General note | / educazione-bambini, rapporti-patrimoniali, televisione, pubblicità, bilancio-familiare / Il testo è un piccolo manuale rivolto a genitori ed educatori, nel quale si forniscono indicazioni su come sia possibile aiutare le nuove generazioni ad affrontare il problema del denaro, come riconosce i trucchi dell'economia e della pubblicità, come si possa diventare consumatori attenti e autonomi. Sono presentate numerose esperienze tratte dalla vita quotidiana. |
| 650 ## - SUBJECT ADDED ENTRY--TOPICAL TERM | |
| Topical term or geographic name as entry element | Genitorialità e problemi educativi / educazione |
| Relator term | 004 |
| 942 ## - ADDED ENTRY ELEMENTS (KOHA) | |
| Koha item type | LIBRO |
| 957 ## - | |
| -- | 1 |
| 999 ## - SYSTEM CONTROL NUMBERS (KOHA) | |
| -- | 1 |
| Withdrawn status | Lost status | Damaged status | Not for loan | Home library | Current library | Date acquired | Total Checkouts | Full call number | Date last seen | Price effective from | Koha item type | Public note |
|---|---|---|---|---|---|---|---|---|---|---|---|---|
| Buone Condizioni | Not For Loan | CISF - Milano | CISF - Milano | 14/10/2016 | b5145-33941 | 14/10/2016 | 14/10/2016 | LIBRO | Data import 15.10.2016 / by Epidotti, Vaglietti |